Twister trouble / (Record no. 210)

MARC details
000 -LEADER
fixed length control field 01180nam a22003137a 4500
001 - CONTROL NUMBER
control field 210
003 - CONTROL NUMBER IDENTIFIER
control field FISKH
005 - DATE AND TIME OF LATEST TRANSACTION
control field 20250213152951.0
008 - FIXED-LENGTH DATA ELEMENTS--GENERAL INFORMATION
fixed length control field 230306b cb ||||| |||| 00| 0 eng d
040 ## - CATALOGING SOURCE
Original cataloging agency HQB
Transcribing agency HQB
Modifying agency KRS
-- DLC
-- FISKH
Language of cataloging eng
050 ## - LIBRARY OF CONGRESS CALL NUMBER
Classification number QC955.2
082 ## - DEWEY DECIMAL CLASSIFICATION NUMBER
Classification number 551.55
100 1# - MAIN ENTRY--PERSONAL NAME
Personal name Schreiber, Ann.
Dates associated with a name (1947-)
245 10 - TITLE STATEMENT
Title Twister trouble /
260 ## - PUBLICATION, DISTRIBUTION, ETC.
Place of publication, distribution, etc. New York
Name of publisher, distributor, etc. Scholastic
Date of publication, distribution, etc. 2000
300 ## - PHYSICAL DESCRIPTION
Extent 76 p. :
Other physical details ill. ;
Dimensions 20 cm.
490 0# - SERIES STATEMENT
Series statement The Magic School Bus science chapter book ; v #5
500 ## - GENERAL NOTE
General note "Based on The Magic School Bus books written by Joanna Cole and illustrated by Bruce Degen"-- T.p. verso.
505 ## - FORMATTED CONTENTS NOTE
Formatted contents note K
520 ## - SUMMARY, ETC.
Summary, etc. While on their way to Weatherama Amusement Park to attend the Wild Weather Show, Ms. Frizzle and her class get a first-hand lesson in the forces of nature as they fly directly into the heart of a powerful tornado.
521 ## - TARGET AUDIENCE NOTE
Target audience note 610 <br/><br/>
Source Lexile
521 ## - TARGET AUDIENCE NOTE
Target audience note K
Source Raz-Plus
650 #0 - SUBJECT ADDED ENTRY--TOPICAL TERM
Topical term or geographic name entry element Tornadoes
Form subdivision Juvenile literature.
650 #1 - SUBJECT ADDED ENTRY--TOPICAL TERM
Topical term or geographic name entry element Tornadoes.
700 1# - ADDED ENTRY--PERSONAL NAME
Personal name Speirs, John.
710 2# - ADDED ENTRY--CORPORATE NAME
Corporate name or jurisdiction name as entry element Copyright Paperback Collection (Library of Congress)
Institution to which field applies DLC
906 ## - LOCAL DATA ELEMENT F, LDF (RLIN)
a 7
b cbc
c copycat
d 2
e ncip
f 20
g y-genrareb
942 ## - ADDED ENTRY ELEMENTS (KOHA)
Source of classification or shelving scheme Dewey Decimal Classification
Koha item type Books
Suppress in OPAC No
Holdings
Withdrawn status Lost status Source of classification or shelving scheme Damaged status Not for loan Collection Home library Current library Shelving location Date acquired Total Checkouts Full call number Barcode Date last seen Date last checked out Price effective from Koha item type Copy number
    Dewey Decimal Classification     Juvenile Fiction Footprints International School Library Network Toul Kork Campus Footprints International School Library Network Toul Kork Campus TK Primary Library Room(4th Floor), Bookcase 5&6, Shelves 33-56, Orange Books 03/06/2023 1 SCH 551.55 QC955.2 FISTK01907 12/08/2025 12/08/2025 03/06/2023 Books  
    Dewey Decimal Classification     Juvenile Fiction Footprints International School Library Network Toul Kork Campus Footprints International School Library Network Toul Kork Campus TK Primary Library Room(4th Floor), Bookcase 5&6, Shelves 33-56, Orange Books 10/11/2024   SCH 551.55 QC955.2 2024-2132 10/11/2024   10/11/2024 Books 2
    Dewey Decimal Classification     Juvenile Fiction Footprints International School Library Network Toul Kork Campus Footprints International School Library Network Toul Kork Campus TTP Primary Orange Bookshelves 02/13/2025   SCH 551.55 QC955.2 2025-0540 02/13/2025   02/13/2025 Books 3
    Dewey Decimal Classification     Juvenile Fiction Footprints International School Library Network Toul Kork Campus Footprints International School Library Network Toul Kork Campus TTP Primary Orange Bookshelves 02/13/2025 1 SCH 551.55 QC955.2 2025-0541 04/24/2025 04/08/2025 02/13/2025 Books 4
    Dewey Decimal Classification     Juvenile Fiction Footprints International School Library Network Toul Kork Campus Footprints International School Library Network Toul Kork Campus TTP Primary Orange Bookshelves 02/13/2025   SCH 551.55 QC955.2 2025-0542 02/13/2025   02/13/2025 Books 5